| 000 | 00754nam a2200205 i 4500 | ||
|---|---|---|---|
| 001 | 85569 | ||
| 003 | ES-MaACL | ||
| 005 | 20240925131848.0 | ||
| 007 | t| | ||
| 008 | 041129s1953 sp ||||1| spa d | ||
| 100 | 1 |
_aJusti, Carl ( _d1832-1912) _967357 |
|
| 245 | 1 | 0 |
_aVelázquez y su siglo / _cCarl Justi ; traducido del alemán por Pedro Marrades ; revisión y apéndice Después de Justi, medio siglo de estudios velazquistas por Juan Antonio Gaya Nuño. |
| 260 |
_aMadrid : _bEspasa-Calpe, _c1953. |
||
| 300 |
_a917 p. : _bil. ; _c28 cm. |
||
| 700 | 1 |
_aMarrades, Pedro. _977058 |
|
| 700 | 0 |
_aGaya Nuño, Juan Antonio, _d1913-1976 _956130 |
|
| 852 |
_aES-MaACL _jD-8822 _bR.34065 |
||
| 852 |
_aES-MaACL _jC-18353 _bR.46723 |
||
| 999 |
_c85569 _d85569 |
||